| 000 | 00556nam a2200193 a 4500 | ||
|---|---|---|---|
| 005 | 20140310183223.0 | ||
| 008 | 031001s19uu xx 00 eng d | ||
| 020 | _a0879804157 | ||
| 050 |
_aRG 482 _b.F841 [ca.1990] |
||
| 100 | _aFraser, Malcolm | ||
| 245 |
_aSelf-theraphy for the stutterer / _cMalcolm Fraser. |
||
| 260 |
_aMemphis, Tennesse : _bSpeech Fondation of America, _c19--. |
||
| 300 |
_a191 p. : _c21 cm. |
||
| 521 | _aNUR | ||
| 650 | _aStuttering, speech disorder | ||
| 650 | _aSpeech theraphy | ||
| 942 |
_cBK _2lcc _kFOR |
||
| 999 |
_c20357 _d20357 |
||